000 00737nam a22002297a 4500
003 UA-OsUOA
001 126490
007 ta
008 20171026b un ||||| |||| 00| 0 ukr d
090 _a355.1(477)(094)
_bВ55
942 _cBK
040 _aUA-OsUOA
_bukr
_cUA-OsUOA
_dUA-OsUOA
245 _aВійськові статути Збройних Сил України
_bзбірник офіційних текстів законів
300 _a352 с.
955 _a1
041 _aukr
080 _a355.1(477)(094)
020 _a978-611-01-0934-5
260 _aК.
_bЦУЛ
_c2017
650 7 _a35 Державно-адміністративне управління. Військова справа
_2UDC
999 _c413708
_d413708